| 000 | 00952cam a22002651 4500 | ||
|---|---|---|---|
| 001 | 28338 | ||
| 003 | BD-RjUL | ||
| 005 | 20211209051252.0 | ||
| 008 | 140330t1939 nyuabcf 000 0beng d | ||
| 035 | _a(BD-RjUL)28419 | ||
| 040 |
_aDLC _cDLC _dDLC _dBD-RjUL _beng |
||
| 041 | _aeng | ||
| 082 | 0 | 0 |
_a973.7092 _bSAA 1939 |
| 100 | 1 |
_aSandburg, Carl, _d1878-1967. _952087 |
|
| 245 | 0 | 0 |
_aAbraham Lincoln : _bthe war years / _cby Carl Sandburg. With 414 half-tones of photographs and 249 cuts of cartoons, letters, documents. _nVolume-2 |
| 260 |
_aNew York : _bHarcourt, Brace & company, _cc1939. |
||
| 300 |
_aV-2 (xii, 655 p.) : _bill. ; _c25 cm. |
||
| 500 | _a"First edition after printing 525 de luxe copies." | ||
| 600 | 1 | 0 |
_aLincoln, Abraham, _d1809-1865. _986790 |
| 651 | 0 |
_aUnited States _xHistory _yCivil War, 1861-1865. _986788 |
|
| 942 |
_2ddc _cBK |
||
| 999 |
_c28338 _d28338 |
||